| 000 | 00658nam a22001937a 4500 | ||
|---|---|---|---|
| 999 |
_c35403 _d35403 |
||
| 005 | 20190903095958.0 | ||
| 008 | 190903b mx ||||| |||| 00| 0 spa d | ||
| 020 | _a950140272 | ||
| 050 | 0 | 4 |
_aHV9127 _bG66 1986 |
| 100 | 1 |
_aGonzález del Solar, José H., _eautor |
|
| 245 |
_aDelicuencia y derecho de menores _b: Aporte para una legislación integral _c/ José H. González del Soalar. |
||
| 250 | _a1a ed. | ||
| 260 |
_aBuenos Aires : _bDepalma, _c1986 |
||
| 300 |
_axvii, 196 p. ; _c23 cm. |
||
| 504 | _aIncluye apéndice, bibliografía : p. 191-196 | ||
| 650 | 7 |
_2Lemb _aDelicuencia juvenil _zArgentina |
|
| 650 | 7 |
_2Lemb _aNiños _xSituación legal _zArgentina |
|
| 942 |
_2lcc _cLIB |
||